¿Qué fue de la modernidad? /

Josipovici interroga desde el título de este trabajo, ¿Qué fue de la modernidad?, y argumenta que los escritores, principalmente los de lengua inglesa, han eludido los desafíos que encararon los grandes autores de la primera mitad del siglo XX, como T.S. Eliot, Franz Kafka, Thomas Mann y Marcel Prou...

Descripció completa

Guardat en:
Dades bibliogràfiques
Autor principal: Josipovici, Gabriel (autor)
Format: Llibre
Idioma:espanyol
Publicat: Madrid, España : Turner, 2012, c2012
Col·lecció:(Noema) [s.n.]
Matèries:
Etiquetes: Afegir etiqueta
Sense etiquetes, Sigues el primer a etiquetar aquest registre!

MARC

LEADER 00000nam^a2200000^a^4500
001 000356039
005 20250521000000.0
009 20260310115221.803
020 |a 978-84-7506-515-1 
037 |a Acervo ITESO - Biblioteca 
041 |a ESP 
082 |a 809. 04  |b JOS 
100 |a Josipovici, Gabriel  |e (autor) 
245 1 0 |a ¿Qué fue de la modernidad? /  |c G. Josipovici ; tr. por Gregorio Cantera. 
264 4 |a Madrid, España :  |b Turner,  |c 2012, c2012 
300 |a 261 p. 
336 |a texto  |b txt  |2 rdacontenido 
337 |a sin mediación  |b n  |2 rdamedio 
338 |a volumen  |b nc  |2 rdasoporte 
440 1 |a (Noema) [s.n.] 
500 |a Traducción de: What Ever Happened to Modernism? 
520 |a Josipovici interroga desde el título de este trabajo, ¿Qué fue de la modernidad?, y argumenta que los escritores, principalmente los de lengua inglesa, han eludido los desafíos que encararon los grandes autores de la primera mitad del siglo XX, como T.S. Eliot, Franz Kafka, Thomas Mann y Marcel Proust, entre otros. 
545 0 |a Gabriel David Josipovici (Niza, 1940), escritor británico nacido en Francia, en el seno de una familia judía de origen ruso-italiano y romano-levantino. Egresado de Lengua Inglesa del St Edmund Hall de la Universidad de Oxford, fue profesor de literatura comparada en su alma máter y también ejerció la docencia en la Universidad de Sussex (1963-98). Es autor de una amplia bibliografía, conformada por sus creaciones narrativas y dramatúrgicas y estudios literarios y ensayos. Moo Pak (1994), Era una broma (2005, también traducida como Era broma) e Infinito: la historia de un momento (2012) figuran entre sus títulos de ficción, en tanto sus obras de teatro han sido puestas en escena en Gran Bretaña y adaptadas para radio en Alemania y Francia. El libro de Dios: una respuesta a la Biblia (1988), La terapia de la distancia (1996), Confianza o sospecha: una pregunta sobre el oficio de escribir (1999) y ¿Qué fue de la modernidad? (2010) son algunos de sus ensayos. Editó el volumen Collected Stories (1993), de Franz Kafka, y publicó A Life (2001), memoria de su madre, la traductora y poeta Sacha Rabinovitch. Colaborador regular del semanario londinense The Times Literary Supplement, es miembro de la Academia Británica y de la Real Sociedad de Literatura. 
649 |a XX 
650 |a Literatura -  |y Siglo XX -  |x Historia -  |x Tema Principal 
910 |a Fondo General 
920 |a Impresos - Libros 
930 |a Colección General 
940 |a Literatura 
905 |a 101 
901 |a 0500248735  |b IT1  |c LIT  |i C144288  |u 20250521 
902 |a https://opac.biblio.iteso.mx/vufind/Record/000356039